| 000 | 00732nam a22002177a 4500 | ||
|---|---|---|---|
| 999 |
_c7969 _d7969 |
||
| 003 | OSt | ||
| 005 | 20220810111030.0 | ||
| 008 | 220810b ||||| |||| 00| 0 eng d | ||
| 020 | _a9781785285509 | ||
| 040 | _cDDC | ||
| 082 | _a681.2 NAG 2016 | ||
| 100 |
_aNagpal, Varun _916185 |
||
| 245 |
_aAndroid sensor programming by example : _b Take your Android applications to the next level of interactivity by exploring the wide variety of Android sensors |
||
| 260 |
_aBirmingham, UK : _b Packt Publishing, _c2016 |
||
| 300 |
_a181p.; _c24, |
||
| 504 | _aIndex Included. | ||
| 650 |
_aApplication software -- Programming _916186 |
||
| 650 | _2Mobile apps | ||
| 650 |
_aAndroid (Electronic resource) _914231 |
||
| 942 |
_2ddc _cBOOK |
||